000 00974nam a22003137a 4500
003 CHAP
005 20220329140132.0
008 971013s1982 r 00010 d
010 _a47473
011 _a48445
035 _a52591
040 _cCHAP
082 _a632.8
_bV3
100 0 0 _aVan Regenmortel, M. H. V.
_9117798
245 _aSerology and immunochemistry of plant viruses
260 _aNew York :
_bAcademic Press,
_c1982
300 _a302 p.
_b: ilus.
590 _aBATCH-UPD
_b10
_c20130110
_lUCH01
_h1022
590 _aBATCH-UPD
_b10
_c20130410
_lUCH01
_h0627
590 _aBATCH-UPD
_b10
_c20130914
_lUCH01
_h1918
590 _aCONVERSION
_b10
_c20130109
_lUCH01
_h1326
650 1 4 _aAntigenos y anticuerpos.
_96080
650 1 4 _aPlantas
_xEnfermedades por virus.
_988834
650 1 4 _aSerologĂ­a.
_9105181
650 1 4 _aVirus.
_9119936
901 _aBK
942 _cLIBRO
949 _a632.8 V3
_bBC
_cLIBRO
_d33724000181830
_eLIBRO
_gI.125937
_h65483
_i52591
_mD
_si
999 _c47473
_d47473